| 000 | 00747nam a2200241 a 4500 | ||
|---|---|---|---|
| 001 | 000024032 | ||
| 005 | 20260202095302.0 | ||
| 008 | 110118s2003 ag a r 000 0 spa d | ||
| 020 | _a9501702065 | ||
| 040 |
_aDO-SdBNP _bspa _cBNPHU |
||
| 041 | 1 | 7 |
_aspa _apor _2Código de idioma MARC |
| 082 |
_a291.4 _bT828m, 2003 |
||
| 100 | 1 |
_aTrigueirinho _944288 |
|
| 240 | 1 | 0 |
_aAlém do carma. _lEspañol. |
| 245 | 1 | 0 |
_aMás Alla del karmá / _cJosé Trigueirinho Netto. |
| 250 | _a4a ed. | ||
| 260 |
_aBuenos Aires, (Argentina) : _bEditorial Kier, _c2003. |
||
| 300 |
_a108, [4] p. : _bil. ; _c20 cm. |
||
| 534 |
_aTítulo original en portugués: _tAlém do carma. |
||
| 650 | 0 |
_aEspiritualidad _9613 |
|
| 650 | 0 |
_aVida espiritual _9268 |
|
| 049 | _aBNGR | ||
| 999 |
_c23527 _d23527 |
||